00704nam a22001937a 4500003000400000008004100004082002000045100002700065245013800092260006800230502001700298650001700315650001000332650001100342650001100353942001100364999001700375952011800392OSt260430b |||||||| |||| 00| 0 eng d a635.25891bC32E aChaudhry, Vinit Kumar. aEffect of Bio-Fertilizers and Chemical Fertilizers on Growth, Yield and Quality of Onion (Allium cepa L.) / cby Vinit Kumar Chaudhry a.- Sabour, Bhagalpurb: Bihar Agricultural College, RAUc, 2008 bPh. D.d2008 aHorticulture aOnion aThesis aPh. D. 2ddccT c50319d50319 00102ddc4070aRAUbRAUd2026-04-30eby Authorg0.00l0o635.25891 C32Ep61265r2026-04-30w2026-04-30yTkGift